000
00357nam a2200157Ia 4500
008
171216s9999 xx 000 0 und d
020
_a
818522207X
040
_b
HIN
041
_a
HINDI
082
_a
H ALI
100
_a
Dr.Zaid Azad Ali
245
0
_a
Vyvaharik Urdu-Hindi Shabda Kosh
260
_b
Lipi Prakashan
300
_g
277
590
_c
RRRLF
999
_c
155283
_d
155283